000 00547nam a2200181Ia 4500
008 151202s9999||||xx |||||||||||||| ||und||
082 _bPNVM-36116
100 _aआपटे वा. शि.
245 _aप्रेमगुंफा.
260 _bसरीता प्रकाशन पुणे.
260 _c1986
300 _a82
600 _aआपटे वा. शि.
630 _aप्रेमगुंफा.
700 _aआपटे वा. शि.
730 _aप्रेमगुंफा.
942 _cBOOK
999 _c1302068
_d1302065